000 00328nam a2200133Ia 4500
005 20260328104259.0
008 260328s9999||||xx |||||||||||||| ||und||
100 _aMehta, Hitesh
245 0 _aAuthentic Ecolodges /
_cHitesh Mehta
260 _bCollins Design
300 _a272 p.
650 _aARQUITECTURA CIVIL
942 _cBK
999 _c10568
_d10568